Normal view
MARC view
Entry Personal Name
001 - CONTROL NUMBER
- control field: 32803
003 - CONTROL NUMBER IDENTIFIER
- control field: dpl
005 - DATE AND TIME OF LATEST TRANSACTION
- control field: 20110812135255.0
008 - FIXED-LENGTH DATA ELEMENTS
- fixed length control field: 110812|||a|||||| | ||| d
040 ## - CATALOGING SOURCE
- Original cataloging agency: dpl
- Transcribing agency: dpl
100 ## - HEADING--PERSONAL NAME
- Personal name: Dewan, Parvez.
670 ## - SOURCE DATA FOUND
- Source citation: Work cat.: (dpl)55363: Dewan, Parvez., Hanuman ji :, 2010.
670 ## - SOURCE DATA FOUND
- Source citation: Work cat.: (dpl)55363: Dewan, Parvez., Hanuman ji :, 2010.
